| 000 | 00807nam a22002057a 4500 | ||
|---|---|---|---|
| 003 | 0 | ||
| 005 | 20250214160858.0 | ||
| 008 | 250214b xxu||||| |||| 00| 0 eng d | ||
| 050 |
_aBF 789.S8 _b.M37 2024 |
||
| 100 | _aMariñas, Angeline Ysabel M. | ||
| 245 |
_aPostnatal depression symptoms and sleep quality among first-time mothers _cAngeline Ysabel M. Mariñas |
||
| 260 |
_aLas Pinas City _bSouthville International School and Colleges _c2024 |
||
| 300 |
_axiii, 216 pages; _c28cm. |
||
| 500 | _aBachelor of Science in Psychology | ||
| 504 | _aIncludes bibliographical references and appendices. | ||
| 650 | _aPostnatal depression—Psychological aspects. | ||
| 650 | _aMaternal mental health—Sleep patterns and quality. | ||
| 650 | _aSleep disorders—First-time mothers. | ||
| 942 |
_2lcc _cTH |
||
| 999 |
_c367228 _d367228 |
||